| 000 | 00376nam a2200157Ia 4500 | ||
|---|---|---|---|
| 005 | 20250430044826.0 | ||
| 008 | 240331s9999 xx 000 0 und d | ||
| 020 | _a9559595202 | ||
| 082 |
_bWEE _a891 |
||
| 100 | _aWeerasinghe,T | ||
| 245 | 0 | _aNadunana gahaniya | |
| 260 |
_aColombo _bCRC publishers _c1996 |
||
| 300 | _a60 p ., ( C 2) | ||
| 650 | _aShort Stories | ||
| 942 | _cL | ||
| 999 |
_c5541 _d5541 |
||